[Event "Koge Lang Jubilee Weekend Gr-4"]
[Site "Koge"]
[Date "2022.07.10"]
[Round "9"]
[White "Henriksen, Niels Sewerin"]
[Black "Christensen, Jonas"]
[Result "0-1"]
[WhiteElo "1325"]
[BlackElo "1412"]
[PlyCount "94"]
[EventDate "2022.07.06"]
[EventType "swiss"]
[EventRounds "9"]
[EventCountry "DEN"]
[SourceTitle "EXT 2024"]
[Source "ChessBase"]
[SourceDate "2023.10.10"]
[SourceVersion "1"]
[SourceVersionDate "2023.10.10"]
[SourceQuality "1"]

1. c4 c5 2. Nc3 Nf6 3. g3 e6 4. Bg2 d5 5. cxd5 exd5 6. e3 Nc6 7. Nge2 Bf5 8. d4 cxd4 9. exd4 Bb4 10. 0-0 0-0 11. a3 Ba5 12. Bg5 Bxc3 13. Nxc3 Be6 14. Re1 Rc8 15. Rc1 h6 16. Be3 Na5 17. Nb5 Qb6 18. Qd3 a6 19. Nc3 Qxb2 20. Ne2 Qb3 21. Qxb3 Nxb3 22. Rxc8 Rxc8 23. Rb1 Na5 24. Nf4 Bf5 25. Rc1 Rxc1+ 26. Bxc1 Be4 27. f3 Bh7 28. Kf2 Nc4 29. Ne2 a5 30. Nc3 g5 31. Ke2 g4 32. fxg4 Be4 33. Nxe4 dxe4 34. g5 hxg5 35. Bxg5 Nh7 36. Bc1 f5 37. d5 Nf6 38. h4 Nxd5 39. h5 Nf6 40. h6 Kh7 41. Bh3 Ng4 42. Bxg4 fxg4 43. Kf2 b5 44. Ke2 b4 45. axb4 axb4 46. Bf4 b3 47. Kd1 e3 0-1

[Event "Koge Lang Jubilee Weekend Gr-4"]
[Site "Koge"]
[Date "2022.07.09"]
[Round "8"]
[White "Christensen, Jonas"]
[Black "Chaudhury, Anmay Kumar"]
[Result "0-1"]
[WhiteElo "1412"]
[BlackElo "1700"]
[PlyCount "76"]
[EventDate "2022.07.06"]
[EventType "swiss"]
[EventRounds "9"]
[EventCountry "DEN"]
[SourceTitle "EXT 2024"]
[Source "ChessBase"]
[SourceDate "2023.10.10"]
[SourceVersion "1"]
[SourceVersionDate "2023.10.10"]
[SourceQuality "1"]

1. e4 c5 2. Nf3 d6 3. d4 cxd4 4. Nxd4 Nf6 5. Nc3 a6 6. Be3 e5 7. Nf3 Be7 8. Bc4 Be6 9. Bxe6 fxe6 10. Bg5 Nbd7 11. Qe2 Qc7 12. 0-0-0 Rc8 13. h4 b5 14. a3 Nb6 15. Rh3 h6 16. Be3 Nc4 17. Rd3 Qa5 18. Bd2 Nxd2 19. Nxd2 Qb6 20. Rhg3 0-0 21. Rg6 Kh7 22. h5 Rf7 23. Na2 Nd7 24. Rf3 Rxf3 25. Nxf3 Bf6 26. Nb4 a5 27. Na2 b4 28. axb4 axb4 29. b3 Qa5 30. Kb1 Ra8 31. c4 bxc3 32. Qc2 Qa3 33. Rg3 Nc5 34. Ne1 Nxb3 35. Rxc3 Rb8 36. Nd3 Nd4+ 37. Ndb4 Nxc2 38. Rxa3 Nxa3+ 0-1

[Event "Koge Lang Jubilee Weekend Gr-4"]
[Site "Koge"]
[Date "2022.07.08"]
[Round "6"]
[White "Christensen, Jonas"]
[Black "Skjoldborg, Lasse Dahl"]
[Result "1-0"]
[WhiteElo "1412"]
[BlackElo "1136"]
[PlyCount "53"]
[EventDate "2022.07.06"]
[EventType "swiss"]
[EventRounds "9"]
[EventCountry "DEN"]
[SourceTitle "EXT 2024"]
[Source "ChessBase"]
[SourceDate "2023.10.10"]
[SourceVersion "1"]
[SourceVersionDate "2023.10.10"]
[SourceQuality "1"]

1. e4 e5 2. Nc3 Bc5 3. Nf3 Nc6 4. Bc4 Nf6 5. d3 Na5 6. Nxe5 Nxc4 7. Nxc4 d5 8. exd5 Nxd5 9. Ne4 Qe7 10. Qe2 Bb6 11. Nxb6 axb6 12. Bg5 f6 13. Bd2 Bf5 14. c4 Bxe4 15. Qxe4 Qxe4+ 16. dxe4 Ne7 17. 0-0 0-0-0 18. Bc3 Rhg8 19. f3 Ng6 20. g3 h5 21. Rad1 h4 22. Rd5 Rh8 23. Rfd1 Rde8 24. Rd7 hxg3 25. hxg3 Rh7 26. Bxf6 Reh8 27. Rd8+ 1-0

[Event "DEN-ch Kort1 Gr-2"]
[Site "Svendborg"]
[Date "2022.04.11"]
[Round "5"]
[White "Christensen, Jonas"]
[Black "Hagen, Frida Bjerregaard"]
[Result "0-1"]
[WhiteElo "1314"]
[BlackElo "1293"]
[PlyCount "110"]
[EventDate "2022.04.09"]
[EventType "swiss"]
[EventRounds "5"]
[EventCountry "DEN"]
[SourceTitle "EXT 2024"]
[Source "ChessBase"]
[SourceDate "2023.10.10"]
[SourceVersion "1"]
[SourceVersionDate "2023.10.10"]
[SourceQuality "1"]

1. e4 c5 2. Nf3 g6 3. c3 d5 4. Bb5+ Bd7 5. Bxd7+ Qxd7 6. exd5 Qxd5 7. 0-0 Bg7 8. Qb3 Qxb3 9. axb3 Nf6 10. Re1 Nc6 11. d4 cxd4 12. Nxd4 Nxd4 13. cxd4 a6 14. Nc3 Rd8 15. Ra4 Nd5 16. Bg5 f6 17. Nxd5 Rxd5 18. Bd2 Kf7 19. Rc4 Rhd8 20. Rc7 R5d7 21. Rxd7 Rxd7 22. Bb4 f5 23. Bc3 Bxd4 24. Bxd4 Rxd4 25. f3 Rd2 26. g4 Rxb2 27. gxf5 gxf5 28. Re3 e6 29. Rc3 Kf6 30. f4 b5 31. Rc7 Rxb3 32. Rxh7 a5 33. Rh6+ Ke7 34. Kf2 a4 35. Ke2 a3 36. Rh7+ Kd6 37. Ra7 b4 38. h4 Rh3 39. Ra4 Rxh4 40. Rxb4 Kc5 41. Ra4 a2 42. Kd3 Rxf4 43. Rxa2 Rf3+ 44. Ke2 Rb3 45. Ra4 e5 46. Ra5+ Rb5 47. Ra3 Kc4 48. Rh3 Rb2+ 49. Kf1 f4 50. Rh8 Kd4 51. Rh3 e4 52. Ke1 e3 53. Kd1 Ke4 54. Ke1 f3 55. Kd1 f2 0-1